Νεοελληνικές αιματηρές θυσίες : λειτουργία-μορφολογία-τυπολογία : διδακτορική διατριβή

Αποθηκεύτηκε σε:
Λεπτομέρειες βιβλιογραφικής εγγραφής
Κύριος συγγραφέας: Αικατερινίδης, Γεώργιος Ν., 1936-
Μορφή: Βιβλίο
Γλώσσα:Greek
Δημοσίευση: Αθήναι : [Ελληνική Λαογραφική Εταιρεία], 1979
Σειρά:Λαογραφία. δελτίον της Ελληνικής Λαογραφικής Εταιρείας ; ; 8
Θέματα:
Ετικέτες: Προσθήκη ετικέτας
Δεν υπάρχουν, Καταχωρήστε ετικέτα πρώτοι!

MARC

LEADER 00000cam a2200000 i 4500
001 1/17943
008 120220s1979 gre d
035 |l 10111895 
040 |a GR-MY-UA  |b gre  |e aacr 
041 0 |a gre 
082 0 |a 291.38495  |2 (22) 
100 1 |a Αικατερινίδης, Γεώργιος Ν.,   |d 1936- 
245 1 0 |a Νεοελληνικές αιματηρές θυσίες :  |b λειτουργία-μορφολογία-τυπολογία : διδακτορική διατριβή /  |c Γεωργ. Ν. Αικατερινίδης 
260 |a Αθήναι :   |b [Ελληνική Λαογραφική Εταιρεία],   |c 1979 
300 |a 207 σ.;  |c 24 εκ. 
490 1 |a Λαογραφία. Δελτίον της Ελληνικής Λαογραφικής Εταιρείας  |v ; 8 
500 |a Πρωτοπαρουσιάστηκε ως διατριβή (διδακτορική )στο Πανεπιστήμιο Ιωαννίνων, Τμήμα Φιλοσοφικής Σχολής, 1979 
650 0 0 |a Rites and ceremonies  |z Greece. 
650 0 0 |a Sacrifice. 
651 0 |a Greece  |x Religion. 
651 0 |a Greece  |x Religious life and customs. 
830 0 |a Λαογραφία. δελτίον της Ελληνικής Λαογραφικής Εταιρείας ;  |v ; 8 
852 |a INST  |b RHODES  |e 20120220  |h 291.38495 ΑΙΚ  |p 005400034069  |q 005400034069  |t BK  |y 0 
901 |a BIBL4-2012-1 
909 |a Ρ  |b 170726 
970 |z 2012/01/